| 000 | 005050000a22002050004500 | ||
|---|---|---|---|
| 041 | 0 | _aEspañol | |
| 090 |
_aMM _b00035 |
||
| 245 | 1 | 0 | _aReino de las serpientes |
| 300 |
_a44 min. _bVHS |
||
| 650 | 1 | 4 |
_aFauna _992594 |
| 650 | 1 | 4 |
_aReptiles _992767 |
| 650 | 1 | 4 |
_aSerpientes _993033 |
| 650 | 1 | 4 |
_aAnimales venenosos _9100857 |
| 041 | 0 | _aEspañol | |
| 710 | 1 |
_aWorld of Discovery _9100858 |
|
| 110 | 1 |
_aABC _979446 |
|
| 260 |
_as.l. _bCapital Cities _c1991 |
||
| 260 | _bABC Video inc. | ||
| 942 | _cCD-ROM | ||
| 999 |
_c16449 _d16449 |
||